| 000 | 03864 a2200217 4500 | ||
|---|---|---|---|
| 001 | 54503 | ||
| 005 | 20260407155817.0 | ||
| 008 | 260407a1947 arg spa d | ||
| 003 | AR-UNSa-BCEJYS | ||
| 040 |
_aAR-UNSa-BCEJYS _bspa _cAR-UNSa-BCEJYS |
||
| 080 |
_a336.1 _xFinanzas Públicas. Finanzas del gobierno en general |
||
| 245 | 1 | 0 | _aUn estudio sobre hacienda pública |
| 250 | _a3a. ed. | ||
| 264 | 1 |
_a[Madrid] : _bInstituto de Estudios Fiscales _c1947 |
|
| 300 |
_a366 p. _c24 cm. |
||
| 505 | _aPrimera parte: Aspectos generales - I. Preliminares - II. Los principios de la compensación - III. Gastos transferibles y no transferibles de las autoridades públicas - IV. Financiación de las empresas regidas por la autoridad pública - V. El alcance del gasto público - VI. El papel de los empréstitos,que no sean de guerra,en la hacienda pública - Segunda parte: El ingreso fiscal - I. Los principios de la imposición - II. Esquemas y fórmulas tributarias - III. La interacción de las diferentes fórmulas tributarias - IV. El principio del sacrificio mínimo y el aspecto distributivo de la imposición - V. El principio del sacrificio mínimo y el anuncio tributario para los grupos de igual renta - VI. Consideraciones combinadas sobre la distribución y el anuncio del impuesto - VII. La estructura de un impuesto sobre la renta fundado en el sacrificio igual,cuando no existe ahorro - VIII. Los impuestos y las subvenciones para la corrección de dasajustes - IX. Diferencias en la imposición entre las distintas clases de gasto - X. El impuesto sobre la renta y el ahorro - XI. Diferenciación entre las fuentes de renta - XII. Los impuestos sobre la renta de la inversión versus los impuestos sobre la propiedad - XIII. Los impuestos sobre la herencia y sobre la renta de la inversión - XIV. Los impuestos sobre el valor público de la renta - XV. Los impuestos sobre los ingresos monopolísticos - XVI. Los impuestos sobre los beneficios extraordinarios - XVII. Las reacciones internacionales ante los impuestos interiores - XVIII. La imposición sobre lso extranjeros - XIX. Los pagos por reparaciones y la relación real de intercambio - XX. Las implicaciones sobre los precios de los pagos por reparaciones cuando existe un patrón oro internacional - XXI. La contribución neta que reciben los países perceptores de reparaciones de los países que las pagan - XXII. Los impuestos "ad valorem" generales y uniformes sobre las importaciones y las exportaciones - XXIII. Los derechos protectores - Tercera parte: La hacienda pública y la ocupación - I. Introducción - II. La ocupación y el paro en relación con la nómina de salarios monetarios.Se prescinde de los reflejos de las modoficaciones en los tipos de salarios monetarios sobre la nómina de los mismos - III. Las implicaciones de las influencias reflejas en las modificaciones de los tipos monetarios de salarios sobre la nómina de los mismos - IV. La relación entre la nómina de salarios monetarios y el gasto monetario total cuando los tipos monetarios de salarios son fijos - V. La relación entre el gasto monetario total y las actividades de la hacienda pública - VI. Principales procedimientos por los que las autoridades públicas pueden influir sobre el gasto monetario total en favor de la ocupación - VII. La distribución en el tiempo del gasto público - VIII. Compras públicas de "stocks" en épocas malas y venta de los mismos en las buenas - IX. El ajuste de las contribuciones a la seguridad social en épocas malas y buenas - X. Subvenciones salariales a los empresarios en las épocas malas - XI. Un refinamiento académico - XII. Expansiones "definitivas" de la nómina de salarios monetarios - XIII. Movimiento de la tendencia | ||
| 041 | _aspa | ||
| 942 | _cBK | ||
| 590 | _aniveau_biblio:m niveau_hierar:0 | ||
| 100 | 1 | _aPigou, Arthur C. | |
| 999 |
_c5589 _d5589 |
||